<?xml version="1.0" encoding="UTF-8"?>
<record
    xmlns:xsi="http://www.w3.org/2001/XMLSchema-instance"
    xsi:schemaLocation="http://www.loc.gov/MARC21/slim http://www.loc.gov/standards/marcxml/schema/MARC21slim.xsd"
    xmlns="http://www.loc.gov/MARC21/slim">

  <leader>01254nam a22002057a 4500</leader>
  <datafield tag="999" ind1=" " ind2=" ">
    <subfield code="c">145836</subfield>
    <subfield code="d">145836</subfield>
  </datafield>
  <controlfield tag="005">20181008145656.0</controlfield>
  <datafield tag="010" ind1=" " ind2=" ">
    <subfield code="a">17-18HN-4.8.17    B-704134-140</subfield>
  </datafield>
  <datafield tag="020" ind1=" " ind2=" ">
    <subfield code="a">9789383278398</subfield>
    <subfield code="c">350.00</subfield>
  </datafield>
  <datafield tag="035" ind1=" " ind2=" ">
    <subfield code="a">B-704134-140</subfield>
  </datafield>
  <datafield tag="037" ind1=" " ind2=" ">
    <subfield code="b">&#x92C;&#x941;&#x915; &#x91F;&#x94D;&#x930;&#x940; &#x92A;&#x92C;&#x94D;&#x932;&#x93F;&#x936;&#x93F;&#x902;&#x917; &#x939;&#x93E;&#x909;&#x938;</subfield>
  </datafield>
  <datafield tag="082" ind1=" " ind2=" ">
    <subfield code="a">070.4 </subfield>
  </datafield>
  <datafield tag="100" ind1=" " ind2=" ">
    <subfield code="a">&#x909;&#x92A;&#x93E;&#x927;&#x94D;&#x92F;&#x93E;&#x92F;, &#x938;&#x941;&#x936;&#x940;&#x932;</subfield>
  </datafield>
  <datafield tag="245" ind1=" " ind2=" ">
    <subfield code="a">&#x92E;&#x940;&#x921;&#x93F;&#x92F;&#x93E; &#x92E;&#x941;&#x926;&#x94D;&#x926;&#x947; &#x914;&#x930; &#x91A;&#x941;&#x928;&#x94C;&#x924;&#x93F;&#x92F;&#x93E;&#x902; /</subfield>
    <subfield code="c">&#x938;&#x941;&#x936;&#x940;&#x932; &#x909;&#x92A;&#x93E;&#x927;&#x94D;&#x92F;&#x93E;&#x92F;</subfield>
  </datafield>
  <datafield tag="260" ind1=" " ind2=" ">
    <subfield code="a">&#x926;&#x93F;&#x932;&#x94D;&#x932;&#x940;</subfield>
    <subfield code="b">&#x92C;&#x941;&#x915; &#x91F;&#x94D;&#x930;&#x940; &#x92A;&#x92C;&#x94D;&#x932;&#x93F;&#x936;&#x93F;&#x902;&#x917; &#x939;&#x93E;&#x909;&#x938;</subfield>
    <subfield code="c">2018</subfield>
  </datafield>
  <datafield tag="270" ind1=" " ind2=" ">
    <subfield code="a">29/61, &#x917;&#x932;&#x940; &#x928;. 11 &#x935;&#x93F;&#x936;&#x94D;&#x935;&#x93E;&#x938; &#x928;&#x917;&#x930;</subfield>
    <subfield code="b">&#x926;&#x93F;&#x932;&#x94D;&#x932;&#x940;</subfield>
    <subfield code="e">110032</subfield>
  </datafield>
  <datafield tag="270" ind1=" " ind2=" ">
    <subfield code="a">&#x906;&#x924;&#x94D;&#x92E;&#x93E;&#x930;&#x93E;&#x92E; &#x92C;&#x93F;&#x932;&#x94D;&#x921;&#x93F;&#x902;&#x917;, 1376, &#x907;&#x902;&#x921;&#x93F;&#x92F;&#x928; &#x92C;&#x948;&#x902;&#x915; &#x915;&#x947; &#x92A;&#x940;&#x91B;&#x947;, &#x915;&#x936;&#x92E;&#x940;&#x930;&#x940; &#x917;&#x947;&#x91F;</subfield>
    <subfield code="b">&#x926;&#x93F;&#x932;&#x94D;&#x932;&#x940;</subfield>
    <subfield code="e">110006</subfield>
  </datafield>
  <datafield tag="300" ind1=" " ind2=" ">
    <subfield code="a">144 &#x92A;&#x943;.</subfield>
    <subfield code="c">22&#x938;&#x947;.&#x92E;&#x940;.(&#x938;&#x91C;&#x93F;&#x932;&#x94D;&#x926;)</subfield>
  </datafield>
  <datafield tag="942" ind1=" " ind2=" ">
    <subfield code="2">ddc</subfield>
    <subfield code="c">HN</subfield>
    <subfield code="h">070.4 </subfield>
    <subfield code="m">&#x909;&#x92A;&#x93E;&#x927;&#x94D;&#x92F;&#x93E;</subfield>
  </datafield>
  <datafield tag="952" ind1=" " ind2=" ">
    <subfield code="0">0</subfield>
    <subfield code="1">0</subfield>
    <subfield code="4">0</subfield>
    <subfield code="7">0</subfield>
    <subfield code="8">REF</subfield>
    <subfield code="a">L</subfield>
    <subfield code="b">L</subfield>
    <subfield code="d">2018-10-08</subfield>
    <subfield code="e">Book Tree Publishing House/BKT/02/18/15-05-18/221/01-05-18/23-08-18</subfield>
    <subfield code="g">350.00</subfield>
    <subfield code="l">10</subfield>
    <subfield code="m">10</subfield>
    <subfield code="o">070.4  &#x909;&#x92A;&#x93E;&#x927;&#x94D;&#x92F;&#x93E;</subfield>
    <subfield code="p">B-704134</subfield>
    <subfield code="r">2023-06-03 00:00:00</subfield>
    <subfield code="s">2023-05-06</subfield>
    <subfield code="t">1</subfield>
    <subfield code="v">350.00</subfield>
    <subfield code="y">HN</subfield>
  </datafield>
  <datafield tag="952" ind1=" " ind2=" ">
    <subfield code="0">0</subfield>
    <subfield code="1">0</subfield>
    <subfield code="4">0</subfield>
    <subfield code="7">0</subfield>
    <subfield code="8">FIC</subfield>
    <subfield code="a">M</subfield>
    <subfield code="b">M</subfield>
    <subfield code="d">2018-10-08</subfield>
    <subfield code="e">Book Tree Publishing House/BKT/02/18/15-05-18/221/01-05-18/23-08-18</subfield>
    <subfield code="g">350.00</subfield>
    <subfield code="l">0</subfield>
    <subfield code="o">070.4  &#x909;&#x92A;&#x93E;&#x927;&#x94D;&#x92F;&#x93E;</subfield>
    <subfield code="p">B-704135</subfield>
    <subfield code="r">2018-10-08 00:00:00</subfield>
    <subfield code="t">4</subfield>
    <subfield code="v">350.00</subfield>
    <subfield code="y">HN</subfield>
  </datafield>
  <datafield tag="952" ind1=" " ind2=" ">
    <subfield code="0">0</subfield>
    <subfield code="1">0</subfield>
    <subfield code="4">0</subfield>
    <subfield code="7">0</subfield>
    <subfield code="8">FIC</subfield>
    <subfield code="a">M</subfield>
    <subfield code="b">M</subfield>
    <subfield code="d">2018-10-08</subfield>
    <subfield code="e">Book Tree Publishing House/BKT/02/18/15-05-18/221/01-05-18/23-08-18</subfield>
    <subfield code="g">350.00</subfield>
    <subfield code="l">0</subfield>
    <subfield code="o">070.4  &#x909;&#x92A;&#x93E;&#x927;&#x94D;&#x92F;&#x93E;</subfield>
    <subfield code="p">B-704136</subfield>
    <subfield code="r">2018-10-08 00:00:00</subfield>
    <subfield code="t">4</subfield>
    <subfield code="v">350.00</subfield>
    <subfield code="y">HN</subfield>
  </datafield>
  <datafield tag="952" ind1=" " ind2=" ">
    <subfield code="0">0</subfield>
    <subfield code="1">0</subfield>
    <subfield code="4">0</subfield>
    <subfield code="7">0</subfield>
    <subfield code="8">FIC</subfield>
    <subfield code="a">M</subfield>
    <subfield code="b">M</subfield>
    <subfield code="d">2018-10-08</subfield>
    <subfield code="e">Book Tree Publishing House/BKT/02/18/15-05-18/221/01-05-18/23-08-18</subfield>
    <subfield code="g">350.00</subfield>
    <subfield code="l">0</subfield>
    <subfield code="o">070.4  &#x909;&#x92A;&#x93E;&#x927;&#x94D;&#x92F;&#x93E;</subfield>
    <subfield code="p">B-704137</subfield>
    <subfield code="r">2018-10-08 00:00:00</subfield>
    <subfield code="t">4</subfield>
    <subfield code="v">350.00</subfield>
    <subfield code="y">HN</subfield>
  </datafield>
  <datafield tag="952" ind1=" " ind2=" ">
    <subfield code="0">0</subfield>
    <subfield code="1">0</subfield>
    <subfield code="4">0</subfield>
    <subfield code="7">0</subfield>
    <subfield code="8">FIC</subfield>
    <subfield code="a">M</subfield>
    <subfield code="b">M</subfield>
    <subfield code="d">2018-10-08</subfield>
    <subfield code="e">Book Tree Publishing House/BKT/02/18/15-05-18/221/01-05-18/23-08-18</subfield>
    <subfield code="g">350.00</subfield>
    <subfield code="l">0</subfield>
    <subfield code="o">070.4  &#x909;&#x92A;&#x93E;&#x927;&#x94D;&#x92F;&#x93E;</subfield>
    <subfield code="p">B-704138</subfield>
    <subfield code="r">2018-10-08 00:00:00</subfield>
    <subfield code="t">4</subfield>
    <subfield code="v">350.00</subfield>
    <subfield code="y">HN</subfield>
  </datafield>
  <datafield tag="952" ind1=" " ind2=" ">
    <subfield code="0">0</subfield>
    <subfield code="1">0</subfield>
    <subfield code="4">0</subfield>
    <subfield code="7">0</subfield>
    <subfield code="8">FIC</subfield>
    <subfield code="a">NPL</subfield>
    <subfield code="b">NPL</subfield>
    <subfield code="d">2018-10-08</subfield>
    <subfield code="e">Book Tree Publishing House/BKT/02/18/15-05-18/221/01-05-18/23-08-18</subfield>
    <subfield code="g">350.00</subfield>
    <subfield code="l">0</subfield>
    <subfield code="o">070.4  &#x909;&#x92A;&#x93E;&#x927;&#x94D;&#x92F;&#x93E;</subfield>
    <subfield code="p">B-704139</subfield>
    <subfield code="r">2018-10-08 00:00:00</subfield>
    <subfield code="t">1</subfield>
    <subfield code="v">350.00</subfield>
    <subfield code="y">HN</subfield>
  </datafield>
  <datafield tag="952" ind1=" " ind2=" ">
    <subfield code="0">0</subfield>
    <subfield code="1">0</subfield>
    <subfield code="4">0</subfield>
    <subfield code="7">0</subfield>
    <subfield code="8">FIC</subfield>
    <subfield code="a">AV</subfield>
    <subfield code="b">AV</subfield>
    <subfield code="d">2018-10-08</subfield>
    <subfield code="e">Book Tree Publishing House/BKT/02/18/15-05-18/221/01-05-18/23-08-18</subfield>
    <subfield code="g">350.00</subfield>
    <subfield code="l">1</subfield>
    <subfield code="o">070.4  &#x909;&#x92A;&#x93E;&#x927;&#x94D;&#x92F;&#x93E;</subfield>
    <subfield code="p">B-704140</subfield>
    <subfield code="r">2019-05-24 00:00:00</subfield>
    <subfield code="s">2019-05-09</subfield>
    <subfield code="t">1</subfield>
    <subfield code="v">350.00</subfield>
    <subfield code="y">HN</subfield>
  </datafield>
</record>
